00439cam a2200157ua 4500020002600000041001000026082002000036100002800056245007700084260005200161300001200213365001100225500001700236504000500253700002300258 a9788173194474c395.00 aengh a620.106bASW/EN aAswatha Narayana, P.A . aEngineering fluid mechanics / cP.A.Aswatha Narayana.hTextual Documents aNew Delhi : bNarosa Publishing House , c2004. a582 ; . a395.00 a20876-Scheme a1 aSeetharamu, K.N .